| 000 | 00481nam a22001577a 4500 | ||
|---|---|---|---|
| 082 | _aBEE-4 SHA | ||
| 100 |
_aFaizan Shahid _992499 |
||
| 245 | _aThermcharge | ||
| 260 |
_aIslamabad _bNUST-SEECS _c2016 |
||
| 300 |
_a61p. _b27cm. _eCD Includes |
||
| 500 | _aSupervisors: Dr. Salman Abdul Ghafoor, Dr. Muhammad Umar Khan | ||
| 700 |
_aNajam Tariq _992500 |
||
| 700 |
_aMuhammad Saad Qureshi _992501 |
||
| 856 | _uhttp://10.250.8.41:8080/xmlui/handle/123456789/9511 | ||
| 942 |
_cPR _2ddc |
||
| 999 |
_c13659 _d13659 |
||